000 00538nam a2200193Ia 4500
005 20250508152522.0
008 008 250505s9999 xx 000 0 eng d
037 _aTextual
040 _aFEDL
_beng
_cFEDL
041 _aeng
_2eng
084 _a428.3, LAD
_qFEDL
100 _aLado Robert
245 0 _aLessons in vocabulary
260 _aAnn Arbor, USA
_bThe University of Michigan Press
_c1958
300 _aiv,144p
700 _a Fries Charles C
_9761683
942 _cTEXL
_h428.3, LAD
999 _c1336949
_d1336949